| 000 | 00630nas a2200217 4500 | ||
|---|---|---|---|
| 001 | BR9502768 | ||
| 003 | BR-BrBNA | ||
| 005 | 20231205094339.0 | ||
| 007 | ta | ||
| 008 | 230509b bl.|||p| |||| 00| 00por d | ||
| 040 |
_aBR-BrBNA _bpor _cBiblioteca Nacional de Agricultura |
||
| 041 | _a(Pt) | ||
| 072 | _aH20 | ||
| 100 | 1 | _aVasconcelos, I. | |
| 245 | 1 | _aSegunda contribuicao ao inventario de fungos de plantas do Ceara | |
| 650 | _aFungo | ||
| 650 | _aCeara | ||
| 773 | 0 |
_tBoletim Cearense de Agronomia (Brazil) _x _g(Jun 1969), v. 10 p. 33-39 _wBR9502768 |
|
| 909 |
_a202311 _bLúcia _c55 _dLúcia Elande |
||
| 942 |
_2AGRIS _n0 _cANA |
||
| 999 |
_c143720 _d143720 |
||